000 00465pab a2200145 454500
008 180718b xxu||||| |||| 00| 0 eng d
100 _aBerger, Mark T
245 _aGandhi and the guardians - Michael Edwardes and the apolojetics of imperialism: review essay
650 _a India
650 _a Imperialism
650 _a Edwardes, Michael
650 _aGandhi, M.K. - Criticism and Interpretation
773 _aBulletin of Concerned Asian Scholars
909 _a21355
999 _c21355
_d21355